| 000 | 01553nam a22002537a 4500 | ||
|---|---|---|---|
| 999 |
_c8735 _d8735 |
||
| 003 | GBCCL | ||
| 005 | 20241126110657.0 | ||
| 008 | 210922b ||||| |||| 00| 0 eng d | ||
| 020 | _a9781433688942 | ||
| 020 | _a1433688948 | ||
| 040 | _cGBC | ||
| 082 |
_a262 _bCHU |
||
| 100 |
_aDenver, Mark _915408 |
||
| 245 |
_aUnderstanding the Great Commission / _cseries editor, Jonathan Leeman, author, Mark Denver. |
||
| 260 |
_aNashville, Tennessee : _bB & H Publishing Group, _c[2016] |
||
| 300 |
_avi, 61 pages ; _c18 cm. |
||
| 440 |
_aChurch basics _915402 |
||
| 505 | _aHow did the apostles and the churches of the New Testament obey the Great Commission? By gathering Christians together in churches. The church is God's plan for evangelism, discipleship, and the Great Commission. This connection between the Great Commission and the church dramatically impacts how both leaders and members should think about their work of making disciples. We do it together. | ||
| 505 | _aThe Great Commission, you, and the local church -- God's Word, God's people -- Heaven's love, heaven's truth, heaven's people -- Preach the gospel, gather a church -- Teaching with correction and oversight -- Membership and a self-conscious commitment -- Four practices of a Great Commission church -- One more practice of a Great Commission church -- Should you stay or go? -- The grand goal of the Great Commission. | ||
| 650 |
_aGreat Commission (Bible) _95893 |
||
| 650 |
_a Evangelistic work. _9290 |
||
| 650 |
_aMission of the church. _950 |
||
| 942 |
_2ddc _cBK _01 |
||